000 00834nam a2200241Ia 4500
003 Ost
005 20260507075210.0
008 260507s9999||||xx |||||||||||||| ||und||
020 _a75592499579
040 _cfsecg
041 _aara
082 _a330
100 _aعليان، ربحي مصطفى
_eمؤلف
245 0 _aاقتصاد المعلومات /
_c ربحي مصطفى عليان
260 _aعمان:
_bدار صفاء,
_c2009
300 _a423 صفحة؛
_bإيضاحات ؛
_c24 سم
504 _aمراجع ص.411
520 _aماهية الاقتصاد و المعلومات ،اقتصاد المعلومات و مجتمع المعلومات .
653 _aالاقتصاد
653 _aالمعلومات
653 _aنظم المعلومات- المؤسسة الممتدة
942 _cكتاب
999 _c43460
_d43460